US Cities by Giant Circles on Map - Statistics

General Stats
  • This quiz has been taken 70 times
  • The average score is 13 of 15
Answers on the Map
Answers color-coded by a green-red scale on the quiz's map according to % correct below.
 
Answer Stats
City % Correct
Los Angeles
100%
Houston
97%
San Francisco
95%
Chicago
93%
New York
93%
Oklahoma City
93%
Phoenix
93%
Detroit
92%
Philadelphia
90%
Columbus
86%
Jacksonville
85%
Indianapolis
83%
Charlotte
80%
Baltimore
78%
Fort Worth
66%
No matching quizzes found
Score Distribution
Percent of People with Each Score
Percentile by Number Answered
Your Score History
You have not taken this quiz